000 02697nam a2200373 4500
003 EC-UNACH
005 20260316122859.0
006 s||||gr|||| 00| 00
008 150116t9999 mx r gr 000 0 spa d
020 _a978-9942-615-11-4
040 _aEC-UNACH
_cEC-UNACH
041 _aspa
082 0 4 _223
_a658
_bL015070
100 _aPuente Riofrio, Mariana Isabel / Carrillo Hernandez, Jorge Iván / Calero Cazorla, Estefania Alejandra / Gavilanez Alvarez, Oscar Danilo
245 _aFundamentos de Gestión Financiera
250 _aPrimera Edición
264 _aRiobamba - Ecuador
_bUniversidad Nacional de Chimborazo
_c2022
264 _bProducción UNACH
300 _a172 páginas
_bfiguras, tablas
500 _aLas finanzas provienen del latín finis, que se traduce en acabar o terminar, en este contexto las finanzas se originan en la finalización de una transacción económica con la transferencia de recursos financieros. Las finanzas representan toda actividad relacionada con la obtención de dinero y su uso eficiente (Córdoba, 2016), corresponden a un área de la economía que estudia el intercambio de capitales entre individuos, empresas, Estados en condiciones de incertidumbre. Las finanzas son el estudio de la toma de decisiones financieras que individuos y empresas ejecutan a diario (Bennigan, 2015). Se entiende por finanzas aquellas actividades relacionadas con el intercambio y manejo de capital, pueden ser divididas en términos públicos y privados, acorde con el ente que las administre. Las finanzas hacen referencia al manejo del dinero que circula entre personas naturales, personas jurídicas y el Estado (Pérez-Carballo, 2015). Las finanzas están encargadas de delinear las actividades, técnicas, procesos usados en la empresa con la finalidad que se optimicen recursos financieros en el desarrollo de las actividades organizacionales, así como los pagos de las obligaciones que se generen. En la Figura 1 se detallan las áreas importantes de las finanzas.
501 _aIncluye índice, referencias bibliográficas
505 _aIntroducción a la gestión financiera.-- Cálculo financiero.-- Herramientas financieras.-- Gestión del capital de trabajo.
650 _aHerramientas financieras
650 _aCapital de trabajo
650 _a Inventario
650 _aGestión de efectivo
650 _aLiquidez
856 _uhttps://editorial.unach.edu.ec/index.php/Editorial/catalog/book/156
_yLibro digital - Fundamentos de Gestión Financiera
942 _2ddc
_cEBOOK
999 _c11580